000 01229nam0a2200301 4500
001 RU\NLR\bibl\87094
005 20260405200350.0
021 _aRU
_b2000-2086
_9105
035 _a(NLR Aleph) 000085074
090 _a475211
_c475211
100 _a20000519d1999 |||y0rusy50 ca
101 0 _arus
102 _aRU
105 _aacb |||||||||
200 1 _aХроника абхазских царей
_eСтатьи. Заметки. Доп.
_fДенис Чачхалия
_gМоск. исслед. центр абхазоведения
210 _aМ.
_cБ.и.
_d1999
215 _a162 с.
_cил., портр., карт.
_d21
300 _aВ доп.: Путешествие по восточному берегу Черного моря в 1822-24 гг./Жак Гамба
320 _aБиблиогр. в конце ст.
607 _aАбхазия
_jСборники
_xИстория
_91077196
_3RU\NLR\auth\66101765
686 _aТ3(5Г-6А)я43
700 1 _4070
_8rus
_7ca
_aЧачхалиа
_bД. К.
_f1950-
_gДенис Киршалович
_3RU\NLR\auth\7788005
_970933
801 0 _aRU
_bNLR
_c20000519
_gPSBO
801 1 _aRU
_bNLR
_c20000519
852 _aNLR
_j2000-5/865
942 _cBOOK
980 _aNB